000 00561nam a2200193Ia 4500
005 20250508163338.0
008 008 250505s9999 xx 000 0 eng d
037 _aDissertations
040 _aFEDL
_beng
_cFEDL
041 _aeng
_2eng
084 _a371.8, BHA/DI
_qFEDL
100 _aBhatnagar Rita
_9775173
245 0 _aNationalism and international understanding in secondary students
260 _c1980
300 _a208p.
546 _aM.Ed. Dissertation 1980 (Udiapur)
942 _cDIS
_h371.8, BHA/DI
999 _c1382460
_d1382460